[Event "IMP Kobiet do lat 20"]
[Site "Chotowa"]
[Date "2023.10.24"]
[Round "1.5"]
[White "Slusarczyk, Anna"]
[Black "Goraj, Barbara"]
[Result "0-1"]
[BlackElo "2135"]
[WhiteElo "1730"]
[LiveChessVersion "1.4.8"]

1. d4 {[%clk 1:30:58]} Nf6 {[%clk 1:30:47]} 2. Nf3 {[%clk 1:31:21]} e6
{[%clk 1:31:08]} 3. a3 {[%clk 1:31:41]} d5 {[%clk 1:31:28]} 4. e3
{[%clk 1:32:04]} c5 {[%clk 1:31:40]} 5. b3 {[%clk 1:32:05]} Nc6 {[%clk 1:31:36]}
6. Bb2 {[%clk 1:32:22]} b6 {[%clk 1:31:29]} 7. Bd3 {[%clk 1:31:11]} Bb7
{[%clk 1:31:18]} 8. O-O {[%clk 1:31:20]} Rc8 {[%clk 1:30:59]} 9. Nbd2
{[%clk 1:30:35]} cxd4 {[%clk 1:29:01]} 10. exd4 {[%clk 1:30:32]} g6
{[%clk 1:28:04]} 11. Qe2 {[%clk 1:27:27]} Bg7 {[%clk 1:26:45]} 12. Ne5
{[%clk 1:23:42]} O-O {[%clk 1:25:55]} 13. Rad1 {[%clk 1:20:06]} Ne7
{[%clk 1:23:49]} 14. a4 {[%clk 1:07:34]} Qc7 {[%clk 1:18:22]} 15. b4
{[%clk 1:00:25]} Nf5 {[%clk 1:13:47]} 16. a5 {[%clk 0:49:24]} Ne4
{[%clk 1:02:22]} 17. axb6 {[%clk 0:25:57]} axb6 {[%clk 1:00:02]} 18. Ndf3
{[%clk 0:18:09]} Nc3 {[%clk 0:44:13]} 19. Bxc3 {[%clk 0:15:39]} Qxc3
{[%clk 0:44:21]} 20. Nd7 {[%clk 0:15:16]} Rfd8 {[%clk 0:43:08]} 21. Nxb6
{[%clk 0:14:55]} Rc6 {[%clk 0:42:17]} 22. Na4 {[%clk 0:14:51]} Qxb4
{[%clk 0:41:06]} 23. Bb5 {[%clk 0:03:29]} Ba6 {[%clk 0:34:41]} 24. Bxa6
{[%clk 0:02:03]} Qxa4 {[%clk 0:33:56]} 25. Bb5 {[%clk 0:01:19]} Rxc2
{[%clk 0:32:52]} 26. Qd3 {[%clk 0:01:04]} Qa2 {[%clk 0:32:33]} 27. Ne5
{[%clk 0:01:03]} Rdc8 {[%clk 0:24:13]} 28. Ra1 {[%clk 0:01:24]} Qxa1
{[%clk 0:21:44]} 29. Rxa1 {[%clk 0:00:51]} Rc1+ {[%clk 0:22:06]} 30. Qf1
{[%clk 0:01:00]} Rxf1+ {[%clk 0:22:11]} 31. Kxf1 {[%clk 0:01:12]} Nxd4
{[%clk 0:21:49]} 32. Ba6 {[%clk 0:01:18]} Ra8 {[%clk 0:20:37]} 33. Nd7
{[%clk 0:00:59]} Ra7 {[%clk 0:17:06]} 34. Nb6 {[%clk 0:01:06]} Nb3
{[%clk 0:16:42]} 35. Ra2 {[%clk 0:01:08]} Nc5 {[%clk 0:13:57]} 36. Bc4
{[%clk 0:00:57]} Rb7 {[%clk 0:13:44]} 0-1

[Event "IMP Kobiet do lat 20"]
[Site "Chotowa"]
[Date "2023.10.24"]
[Round "1.6"]
[White "Smietanska, Wiktoria"]
[Black "Matskevich, Varvara"]
[Result "0-1"]
[BlackElo "1722"]
[WhiteElo "2071"]
[LiveChessVersion "1.4.8"]

1. e4 {[%clk 1:30:58]} c5 {[%clk 1:30:46]} 2. Nf3 {[%clk 1:31:10]} d6
{[%clk 1:29:35]} 3. d4 {[%clk 1:31:31]} cxd4 {[%clk 1:29:52]} 4. Nxd4
{[%clk 1:31:52]} Nf6 {[%clk 1:30:05]} 5. Nc3 {[%clk 1:32:11]} a6 {[%clk 1:30:17]}
6. h3 {[%clk 1:32:29]} b5 {[%clk 1:28:56]} 7. g4 {[%clk 1:21:09]} Bb7
{[%clk 1:26:03]} 8. Bg2 {[%clk 1:20:30]} e6 {[%clk 1:24:57]} 9. g5
{[%clk 1:12:31]} Nfd7 {[%clk 1:23:23]} 10. Be3 {[%clk 1:10:07]} Be7
{[%clk 1:20:31]} 11. h4 {[%clk 0:52:49]} Nb6 {[%clk 1:17:43]} 12. Qg4
{[%clk 0:44:15]} b4 {[%clk 1:15:21]} 13. Nce2 {[%clk 0:44:20]} Nc4
{[%clk 1:13:35]} 14. Bc1 {[%clk 0:41:16]} d5 {[%clk 1:09:56]} 15. b3
{[%clk 0:32:45]} Nb6 {[%clk 1:08:30]} 16. e5 {[%clk 0:29:59]} Qc7
{[%clk 1:07:03]} 17. f4 {[%clk 0:28:11]} Nc6 {[%clk 1:05:55]} 18. Bb2
{[%clk 0:25:32]} Bc5 {[%clk 1:03:52]} 19. O-O-O {[%clk 0:19:15]} O-O-O
{[%clk 1:02:06]} 20. Kb1 {[%clk 0:17:14]} Kb8 {[%clk 1:00:40]} 21. Rc1
{[%clk 0:13:51]} Nxd4 {[%clk 0:58:37]} 22. Nxd4 {[%clk 0:13:58]} g6
{[%clk 0:57:08]} 23. h5 {[%clk 0:13:03]} Nc8 {[%clk 0:55:59]} 24. Rh2
{[%clk 0:07:22]} Qb6 {[%clk 0:55:02]} 25. Rd1 {[%clk 0:06:54]} Na7
{[%clk 0:52:37]} 26. Bf1 {[%clk 0:05:57]} Kc7 {[%clk 0:49:41]} 27. Rh4
{[%clk 0:05:13]} Kb8 {[%clk 0:45:14]} 28. Qh3 {[%clk 0:05:29]} Rhf8
{[%clk 0:44:41]} 29. hxg6 {[%clk 0:05:20]} hxg6 {[%clk 0:44:58]} 30. Rh7
{[%clk 0:05:21]} Bc6 31. Be2 {[%clk 0:03:21]} Rd7 {[%clk 0:38:18]} 32. Bg4
{[%clk 0:02:02]} Nb5 {[%clk 0:37:20]} 33. Nxc6+ {[%clk 0:01:27]} Qxc6
{[%clk 0:37:39]} 34. Rd3 {[%clk 0:01:00]} Rc7 {[%clk 0:35:27]} 35. Qg2
{[%clk 0:00:49]} Rfc8 {[%clk 0:34:43]} 36. Bd1 {[%clk 0:00:44]} Qb6
{[%clk 0:32:41]} 37. Qd2 {[%clk 0:00:38]} d4 {[%clk 0:30:22]} 38. Rdh3
{[%clk 0:00:39]} Qa5 {[%clk 0:29:23]} 39. Be2 {[%clk 0:00:40]} Nc3+
{[%clk 0:28:58]} 40. Bxc3 {[%clk 0:31:02]} dxc3 {[%clk 0:58:03]} 41. Qc1
{[%clk 0:29:43]} Rd8 {[%clk 0:56:36]} 42. Bd3 {[%clk 0:28:43]} Rcd7
{[%clk 0:55:28]} 43. Rg7 {[%clk 0:24:34]} Qb6 {[%clk 0:55:00]} 44. Qe1
{[%clk 0:21:52]} a5 {[%clk 0:52:13]} 45. a4 {[%clk 0:18:56]} bxa3
{[%clk 0:51:26]} 46. Ka2 {[%clk 0:15:51]} Bb4 {[%clk 0:50:45]} 47. Rgh7
{[%clk 0:09:36]} Qc6 {[%clk 0:48:10]} 48. Qh1 {[%clk 0:06:32]} Qxh1
{[%clk 0:46:57]} 49. Rxh1 {[%clk 0:06:55]} Kc7 {[%clk 0:47:03]} 50. Kb1
{[%clk 0:04:44]} Kb6 {[%clk 0:47:02]} 51. Rh8 {[%clk 0:03:42]} Kc5
{[%clk 0:46:40]} 52. R8h3 {[%clk 0:03:29]} Rd4 {[%clk 0:44:15]} 53. Rf3
{[%clk 0:03:27]} Kd5 {[%clk 0:43:26]} 54. Rh7 {[%clk 0:03:23]} Rf8
{[%clk 0:43:26]} 55. Ka2 {[%clk 0:02:52]} Kc5 {[%clk 0:43:14]} 56. Rf2
{[%clk 0:02:23]} Rdd8 {[%clk 0:40:22]} 57. Re2 {[%clk 0:02:08]} Rd5
{[%clk 0:39:34]} 58. Re3 {[%clk 0:02:04]} Rd4 {[%clk 0:39:24]} 59. Rf3
{[%clk 0:02:26]} Kb6 {[%clk 0:39:43]} 60. Rf1 {[%clk 0:02:12]} Bc5
{[%clk 0:39:36]} 61. Rh4 {[%clk 0:00:48]} Rfd8 {[%clk 0:39:22]} 62. Rh7
{[%clk 0:00:54]} R8d7 {[%clk 0:39:23]} 63. Rh8 {[%clk 0:00:35]} Kb7
{[%clk 0:38:39]} 64. Rh7 {[%clk 0:00:35]} Kc6 {[%clk 0:36:38]} 65. Rh8
{[%clk 0:00:46]} Rxd3 {[%clk 0:33:52]} 66. cxd3 {[%clk 0:01:02]} Rxd3
{[%clk 0:33:35]} 67. Rh2 {[%clk 0:00:50]} Rd2+ {[%clk 0:33:50]} 68. Rxd2
{[%clk 0:00:59]} cxd2 {[%clk 0:34:07]} 69. Rd1 {[%clk 0:00:37]} Bb4
{[%clk 0:34:30]} 70. Kb1 {[%clk 0:00:45]} Kd5 {[%clk 0:34:51]} 71. Kc2
{[%clk 0:00:37]} Kd4 {[%clk 0:35:04]} 72. Rh1 {[%clk 0:00:34]} Ke3
{[%clk 0:34:59]} 73. Rf1 {[%clk 0:00:35]} a2 {[%clk 0:34:57]} 74. Ra1
{[%clk 0:00:33]} Ke2 {[%clk 0:35:17]} 75. Rh1 {[%clk 0:00:40]} Bc5
{[%clk 0:33:15]} 76. Rd1 {[%clk 0:00:36]} Ke3 {[%clk 0:32:13]} 77. Ra1
{[%clk 0:00:35]} Bd4 {[%clk 0:32:03]} 78. Rxa2 {[%clk 0:00:58]} Ke2
{[%clk 0:32:26]} 79. Kb1 {[%clk 0:00:48]} Ke1 {[%clk 0:32:50]} 80. Rxd2
{[%clk 0:00:39]} Kxd2 {[%clk 0:33:13]} 0-1

[Event "IMP Kobiet do lat 20"]
[Site "Chotowa"]
[Date "2023.10.24"]
[Round "1.7"]
[White "Szopa, Emilia"]
[Black "Siekanska, Maria"]
[Result "0-1"]
[BlackElo "2065"]
[WhiteElo "1706"]
[LiveChessVersion "1.4.8"]

1. e4 {[%clk 1:30:56]} c5 {[%clk 1:30:56]} 2. Nf3 {[%clk 1:31:05]} d6
{[%clk 1:31:16]} 3. d4 {[%clk 1:31:21]} cxd4 {[%clk 1:31:41]} 4. Qxd4
{[%clk 1:30:53]} Nc6 {[%clk 1:32:04]} 5. Qe3 {[%clk 1:30:51]} g6 {[%clk 1:31:37]}
6. Be2 {[%clk 1:28:30]} Bg7 {[%clk 1:31:02]} 7. O-O {[%clk 1:27:37]} Nf6
{[%clk 1:30:52]} 8. h3 {[%clk 1:26:08]} O-O {[%clk 1:30:47]} 9. Rd1
{[%clk 1:24:06]} Nd7 {[%clk 1:26:12]} 10. Qf4 {[%clk 1:12:16]} b6
{[%clk 1:13:42]} 11. c3 {[%clk 1:08:29]} a6 {[%clk 1:10:10]} 12. Nbd2
{[%clk 1:01:46]} Bb7 {[%clk 1:09:22]} 13. Nc4 {[%clk 0:53:23]} b5
{[%clk 1:03:38]} 14. Ne3 {[%clk 0:53:32]} Rc8 {[%clk 1:03:03]} 15. Ng4
{[%clk 0:52:04]} Nce5 {[%clk 0:37:49]} 16. Nfxe5 {[%clk 0:34:39]} Nxe5
{[%clk 0:33:14]} 17. Nxe5 {[%clk 0:27:12]} Bxe5 {[%clk 0:33:31]} 18. Qe3
{[%clk 0:27:23]} Qc7 {[%clk 0:30:39]} 19. Bg4 {[%clk 0:24:59]} Rcd8
{[%clk 0:27:58]} 20. f4 {[%clk 0:21:36]} Bg7 {[%clk 0:27:23]} 21. Bf3
{[%clk 0:18:27]} a5 {[%clk 0:26:03]} 22. Qf2 {[%clk 0:17:43]} Qc4
{[%clk 0:24:13]} 23. Re1 b4 {[%clk 0:21:03]} 24. cxb4 {[%clk 0:12:30]} Qxb4
{[%clk 0:19:18]} 25. Bd2 {[%clk 0:11:09]} Qb5 {[%clk 0:18:37]} 26. Rab1
{[%clk 0:08:23]} Rc8 {[%clk 0:18:35]} 27. Bc3 {[%clk 0:05:15]} Bxc3
{[%clk 0:14:36]} 28. bxc3 {[%clk 0:05:40]} Qa6 {[%clk 0:14:51]} 29. Rb6
{[%clk 0:05:11]} Qa8 {[%clk 0:15:01]} 30. Qb2 {[%clk 0:05:18]} Rc7
{[%clk 0:12:46]} 31. Rb1 {[%clk 0:04:35]} Bxe4 {[%clk 0:12:24]} 32. Rb8
{[%clk 0:03:01]} Qa7+ {[%clk 0:12:44]} 33. Kh2 {[%clk 0:02:22]} Bxb1
{[%clk 0:12:41]} 34. Rxf8+ {[%clk 0:02:41]} Kxf8 {[%clk 0:13:07]} 35. c4
{[%clk 0:02:13]} Kg8 {[%clk 0:13:05]} 36. Qxb1 {[%clk 0:02:31]} Rxc4
{[%clk 0:13:15]} 37. f5 {[%clk 0:02:20]} Rb4 {[%clk 0:12:48]} 38. Qc2
{[%clk 0:02:06]} Qc5 {[%clk 0:13:09]} 39. Qe2 {[%clk 0:02:10]} Qe5+
{[%clk 0:13:32]} 40. Qxe5 {[%clk 0:31:59]} dxe5 {[%clk 0:43:56]} 41. fxg6
{[%clk 0:31:59]} hxg6 {[%clk 0:44:21]} 0-1

[Event "IMP Kobiet do lat 20"]
[Site "Chotowa"]
[Date "2023.10.24"]
[Round "1.8"]
[White "Szczotka, Klara"]
[Black "Michalska, Lena"]
[Result "1-0"]
[BlackElo "1636"]
[WhiteElo "2020"]
[LiveChessVersion "1.4.8"]

1. d4 {[%clk 1:30:57]} d5 {[%clk 1:30:56]} 2. c4 {[%clk 1:31:25]} e6
{[%clk 1:31:22]} 3. Nc3 {[%clk 1:31:52]} Nf6 {[%clk 1:31:47]} 4. cxd5
{[%clk 1:32:19]} exd5 {[%clk 1:32:05]} 5. Bg5 {[%clk 1:32:44]} Be7
{[%clk 1:32:29]} 6. e3 {[%clk 1:33:07]} Nbd7 {[%clk 1:32:43]} 7. Bd3
{[%clk 1:33:21]} c6 {[%clk 1:33:05]} 8. Nge2 {[%clk 1:33:23]} O-O
{[%clk 1:31:11]} 9. Qc2 {[%clk 1:33:24]} a5 {[%clk 1:19:40]} 10. O-O
{[%clk 1:31:21]} h6 {[%clk 1:17:01]} 11. Bh4 {[%clk 1:31:22]} Nb6
{[%clk 1:07:53]} 12. f3 {[%clk 1:26:45]} Be6 {[%clk 0:59:51]} 13. Rad1
{[%clk 1:21:38]} Ne8 {[%clk 0:44:16]} 14. Bf2 {[%clk 1:19:04]} Nd6
{[%clk 0:44:40]} 15. e4 {[%clk 1:17:23]} a4 {[%clk 0:23:10]} 16. e5
{[%clk 1:02:29]} Ndc4 {[%clk 0:23:31]} 17. Ng3 {[%clk 1:01:42]} a3
{[%clk 0:18:01]} 18. b3 {[%clk 0:55:52]} Nb2 {[%clk 0:17:51]} 19. Bh7+
{[%clk 0:52:29]} Kh8 {[%clk 0:18:16]} 20. Rde1 {[%clk 0:52:30]} Bb4
{[%clk 0:17:04]} 21. Bf5 {[%clk 0:48:23]} Bxf5 {[%clk 0:16:50]} 22. Nxf5
{[%clk 0:48:44]} Qd7 {[%clk 0:16:33]} 23. g4 {[%clk 0:47:26]} Rfe8
{[%clk 0:14:12]} 24. Bh4 {[%clk 0:46:01]} Rac8 {[%clk 0:12:02]} 25. Qd2
{[%clk 0:44:52]} c5 {[%clk 0:10:55]} 26. Bf6 {[%clk 0:44:28]} Kh7
{[%clk 0:02:17]} 27. Bxg7 {[%clk 0:43:06]} Re6 {[%clk 0:02:39]} 28. Bf6
{[%clk 0:43:04]} 1-0

[Event "IMP Kobiet do lat 20"]
[Site "Chotowa"]
[Date "2023.10.24"]
[Round "1.9"]
[White "Labedz, Gabriela"]
[Black "Barwinska, Ewa"]
[Result "0-1"]
[BlackElo "1974"]
[WhiteElo "1547"]
[LiveChessVersion "1.4.8"]

1. e4 {[%clk 1:30:58]} c5 {[%clk 1:30:52]} 2. Nf3 {[%clk 1:31:22]} d6
{[%clk 1:31:15]} 3. d4 {[%clk 1:31:47]} cxd4 {[%clk 1:31:38]} 4. Nxd4
{[%clk 1:32:12]} Nf6 {[%clk 1:31:57]} 5. Nc3 {[%clk 1:32:37]} g6 {[%clk 1:32:09]}
6. Be2 {[%clk 1:31:19]} Bg7 {[%clk 1:32:25]} 7. O-O {[%clk 1:31:08]} O-O
{[%clk 1:32:43]} 8. Be3 {[%clk 1:29:22]} Nc6 {[%clk 1:30:53]} 9. h3
{[%clk 1:26:12]} Bd7 {[%clk 1:25:37]} 10. Qd2 {[%clk 1:21:26]} Nxd4
{[%clk 1:23:10]} 11. Bxd4 {[%clk 1:21:15]} Bc6 {[%clk 1:23:12]} 12. Bf3
{[%clk 1:11:37]} Qc7 {[%clk 1:11:23]} 13. Rfe1 {[%clk 1:06:34]} e5
{[%clk 1:04:04]} 14. Be3 {[%clk 1:05:24]} b5 {[%clk 1:03:35]} 15. Rad1
{[%clk 0:54:46]} Rfd8 {[%clk 0:59:36]} 16. Bg5 {[%clk 0:50:55]} b4
{[%clk 0:57:27]} 17. Nd5 {[%clk 0:45:45]} Bxd5 {[%clk 0:57:38]} 18. exd5
{[%clk 0:45:49]} a5 {[%clk 0:55:25]} 19. c3 {[%clk 0:31:18]} bxc3
{[%clk 0:49:10]} 20. bxc3 {[%clk 0:31:09]} Rdc8 {[%clk 0:48:02]} 21. Rc1
{[%clk 0:27:11]} Rab8 {[%clk 0:39:26]} 22. c4 {[%clk 0:25:45]} Nd7
{[%clk 0:36:36]} 23. Be2 {[%clk 0:21:40]} Nc5 {[%clk 0:33:04]} 24. Bf1
{[%clk 0:18:59]} f5 {[%clk 0:29:32]} 25. f3 {[%clk 0:17:09]} f4 {[%clk 0:20:41]}
26. Rb1 {[%clk 0:16:11]} a4 {[%clk 0:18:09]} 27. Qc2 {[%clk 0:15:22]} Kf7
{[%clk 0:13:27]} 28. Bh4 {[%clk 0:15:00]} Bf6 {[%clk 0:11:24]} 29. Bf2
{[%clk 0:15:03]} Bd8 {[%clk 0:05:10]} 30. Kh2 {[%clk 0:15:00]} a3
{[%clk 0:05:12]} 31. Bxc5 {[%clk 0:09:28]} Qxc5 {[%clk 0:05:19]} 32. Rxb8
{[%clk 0:09:32]} Rxb8 {[%clk 0:05:45]} 33. Rb1 {[%clk 0:09:34]} Rxb1
{[%clk 0:03:16]} 34. Qxb1 {[%clk 0:09:59]} Bb6 {[%clk 0:03:37]} 35. Bd3
{[%clk 0:09:36]} Qf2 {[%clk 0:03:28]} 36. Bc2 {[%clk 0:07:17]} Kf6
{[%clk 0:02:03]} 37. Bd3 {[%clk 0:06:05]} Kg5 {[%clk 0:01:31]} 38. Bc2
{[%clk 0:06:23]} Kh4 {[%clk 0:01:37]} 39. Bd3 {[%clk 0:05:50]} Qg3+
{[%clk 0:01:30]} 40. Kh1 {[%clk 0:36:17]} Qf2 {[%clk 0:31:52]} 41. Kh2
{[%clk 0:34:21]} Bd4 {[%clk 0:24:01]} 42. Bc2 {[%clk 0:30:33]} Kh5
{[%clk 0:19:42]} 43. Bd3 {[%clk 0:28:16]} Qg3+ {[%clk 0:19:41]} 44. Kh1
{[%clk 0:28:40]} Kg5 {[%clk 0:15:21]} 45. Bc2 {[%clk 0:28:51]} Kf6
{[%clk 0:15:23]} 46. Bd3 {[%clk 0:28:51]} Qf2 {[%clk 0:15:41]} 47. Kh2
{[%clk 0:29:05]} Bb6 {[%clk 0:15:26]} 48. Bc2 {[%clk 0:27:05]} Ke7
{[%clk 0:14:33]} 49. Be4 {[%clk 0:27:11]} Kd8 {[%clk 0:14:21]} 50. Bc2
{[%clk 0:27:19]} Kc7 {[%clk 0:14:43]} 51. Be4 {[%clk 0:27:05]} g5
{[%clk 0:09:03]} 52. Bxh7 {[%clk 0:17:20]} g4 {[%clk 0:08:27]} 53. Be4
{[%clk 0:12:16]} gxh3 {[%clk 0:05:29]} 54. Qc2 {[%clk 0:12:35]} Qg3+
{[%clk 0:05:52]} 55. Kh1 {[%clk 0:12:53]} Qe1+ {[%clk 0:06:12]} 56. Kh2
{[%clk 0:13:11]} Bg1+ {[%clk 0:06:16]} 57. Kh1 {[%clk 0:13:30]} Bf2+
{[%clk 0:06:04]} 58. Kh2 {[%clk 0:13:54]} hxg2 {[%clk 0:05:53]} 59. c5
{[%clk 0:12:20]} Qh1# {[%clk 0:06:10]} 0-1

[Event "IMP Kobiet do lat 20"]
[Site "Chotowa"]
[Date "2023.10.24"]
[Round "1.10"]
[White "Hertlein, Irena"]
[Black "Zgoda, Aleksandra"]
[Result "1-0"]
[BlackElo "1536"]
[WhiteElo "1952"]
[LiveChessVersion "1.4.8"]

1. d4 {[%clk 1:30:58]} Nf6 {[%clk 1:30:47]} 2. Nf3 {[%clk 1:31:18]} e6
{[%clk 1:30:54]} 3. g3 {[%clk 1:29:31]} c5 {[%clk 1:29:17]} 4. c4
{[%clk 1:27:36]} cxd4 {[%clk 1:27:30]} 5. Nxd4 {[%clk 1:27:53]} Nc6
{[%clk 1:25:25]} 6. Bg2 {[%clk 1:26:46]} Bc5 {[%clk 1:23:24]} 7. Nb3
{[%clk 1:25:40]} Bb4+ {[%clk 1:22:36]} 8. Bd2 {[%clk 1:24:42]} Be7
{[%clk 1:19:36]} 9. Nc3 {[%clk 1:21:47]} O-O {[%clk 1:18:14]} 10. Bf4
{[%clk 1:18:47]} a6 {[%clk 1:11:40]} 11. Bd6 {[%clk 1:14:21]} Bxd6
{[%clk 1:04:03]} 12. Qxd6 {[%clk 1:14:45]} Qe7 {[%clk 1:03:32]} 13. Rd1
{[%clk 1:04:29]} Qxd6 {[%clk 0:56:31]} 14. Rxd6 {[%clk 1:04:57]} Rb8
{[%clk 0:52:14]} 15. O-O {[%clk 0:56:30]} Ne5 {[%clk 0:50:00]} 16. c5
{[%clk 0:50:19]} b5 {[%clk 0:37:10]} 17. Na5 {[%clk 0:38:32]} Nc4
{[%clk 0:23:46]} 18. Nxc4 {[%clk 0:38:52]} bxc4 {[%clk 0:24:11]} 19. Rb1
{[%clk 0:24:12]} Bb7 {[%clk 0:14:12]} 20. Bxb7 {[%clk 0:19:12]} Rxb7
{[%clk 0:14:35]} 21. Rxa6 {[%clk 0:19:38]} Rc7 {[%clk 0:13:31]} 22. Na4
{[%clk 0:19:47]} Ne4 {[%clk 0:12:05]} 23. Ra5 {[%clk 0:17:22]} Rfc8
{[%clk 0:10:50]} 24. Rd1 {[%clk 0:14:47]} Nxc5 {[%clk 0:06:09]} 25. Rxc5
{[%clk 0:15:07]} Rxc5 {[%clk 0:06:36]} 26. Nxc5 {[%clk 0:15:35]} Rxc5
{[%clk 0:06:43]} 27. Rxd7 {[%clk 0:16:04]} Kf8 {[%clk 0:07:03]} 28. Rb7
{[%clk 0:15:45]} c3 {[%clk 0:03:45]} 29. bxc3 {[%clk 0:16:14]} Rxc3
{[%clk 0:04:14]} 30. Ra7 {[%clk 0:16:44]} Rc2 {[%clk 0:04:25]} 31. e3
{[%clk 0:17:03]} g6 {[%clk 0:04:28]} 32. g4 {[%clk 0:14:17]} h6 {[%clk 0:03:25]}
33. Kg2 {[%clk 0:14:28]} Kg7 {[%clk 0:03:21]} 34. a4 {[%clk 0:12:23]} Ra2
{[%clk 0:03:35]} 35. h4 {[%clk 0:11:13]} g5 {[%clk 0:02:09]} 36. h5
{[%clk 0:04:28]} Kf6 {[%clk 0:02:08]} 37. Kf3 {[%clk 0:04:34]} Kg7
{[%clk 0:01:31]} 38. Ra8 {[%clk 0:04:32]} Kf6 {[%clk 0:01:36]} 39. Kg3
{[%clk 0:03:40]} Ra3 {[%clk 0:01:54]} 40. Kf3 {[%clk 0:33:07]} Ra2
{[%clk 0:32:15]} 41. a5 {[%clk 0:27:03]} Kg7 {[%clk 0:29:25]} 42. e4
{[%clk 0:22:31]} Kf6 {[%clk 0:26:02]} 43. a6 {[%clk 0:20:47]} Ra3+
{[%clk 0:19:44]} 44. Ke2 {[%clk 0:19:48]} Ke5 {[%clk 0:15:34]} 45. Rf8
{[%clk 0:15:06]} Kxe4 {[%clk 0:09:54]} 46. Rxf7 {[%clk 0:15:29]} Rxa6
{[%clk 0:10:18]} 47. Rf6 {[%clk 0:15:52]} Ra2+ {[%clk 0:10:35]} 48. Kf1
{[%clk 0:15:55]} e5 {[%clk 0:08:45]} 49. Kg2 {[%clk 0:14:45]} Rb2
{[%clk 0:06:56]} 50. Kg3 {[%clk 0:09:04]} Rb3+ {[%clk 0:02:46]} 51. Kg2
{[%clk 0:08:43]} Rb2 {[%clk 0:02:59]} 52. Kg3 {[%clk 0:09:10]} Rb3+
{[%clk 0:03:24]} 53. f3+ {[%clk 0:07:38]} Kd5 {[%clk 0:03:16]} 54. Rxh6
{[%clk 0:08:04]} e4 {[%clk 0:03:35]} 55. Rf6 {[%clk 0:08:30]} e3 {[%clk 0:03:43]}
56. f4 {[%clk 0:06:12]} gxf4+ {[%clk 0:02:07]} 57. Rxf4 {[%clk 0:06:40]} e2+
{[%clk 0:02:03]} 58. Kf2 {[%clk 0:07:07]} Ke5 {[%clk 0:02:00]} 59. Rf5+
{[%clk 0:04:18]} Ke4 {[%clk 0:01:13]} 60. Kxe2 {[%clk 0:04:16]} Rg3
{[%clk 0:01:33]} 61. Rg5 {[%clk 0:02:20]} Kf4 {[%clk 0:01:18]} 62. Rg6
{[%clk 0:02:17]} Rh3 {[%clk 0:00:51]} 63. h6 {[%clk 0:01:59]} Rh2+
{[%clk 0:00:45]} 64. Kd3 {[%clk 0:02:06]} Rh4 {[%clk 0:01:04]} 65. g5
{[%clk 0:02:05]} Kf5 {[%clk 0:00:55]} 66. Rg7 {[%clk 0:02:34]} Ke6
{[%clk 0:00:45]} 67. h7 {[%clk 0:02:45]} Kf5 {[%clk 0:00:41]} 68. g6
{[%clk 0:02:57]} Kf6 {[%clk 0:00:58]} 69. Rg8 {[%clk 0:03:18]} 1-0

[Event "IMP Kobiet do lat 20"]
[Site "Chotowa"]
[Date "2023.10.24"]
[Round "1.11"]
[White "Woytitzki, Maja"]
[Black "Bukala, Weronika"]
[Result "0-1"]
[BlackElo "1917"]
[WhiteElo "1295"]
[LiveChessVersion "1.4.8"]

1. d4 {[%clk 1:30:56]} Nf6 {[%clk 1:30:50]} 2. c4 {[%clk 1:31:22]} e6
{[%clk 1:31:11]} 3. Nf3 {[%clk 1:31:46]} d5 {[%clk 1:31:28]} 4. Nc3
{[%clk 1:32:08]} a6 {[%clk 1:31:34]} 5. c5 {[%clk 1:32:32]} b6 {[%clk 1:31:38]}
6. cxb6 {[%clk 1:32:57]} cxb6 {[%clk 1:31:54]} 7. Bf4 {[%clk 1:32:58]} Bd6
{[%clk 1:29:10]} 8. Bxd6 {[%clk 1:33:03]} Qxd6 {[%clk 1:29:37]} 9. e3
{[%clk 1:31:13]} O-O {[%clk 1:26:27]} 10. Bd3 {[%clk 1:25:52]} Bb7
{[%clk 1:24:02]} 11. O-O {[%clk 1:22:54]} Nc6 {[%clk 1:21:05]} 12. a3
{[%clk 1:19:44]} Rfc8 {[%clk 1:04:06]} 13. Qe2 {[%clk 1:19:25]} Na5
{[%clk 0:59:43]} 14. Rac1 {[%clk 1:18:16]} Nb3 {[%clk 0:42:13]} 15. Rc2
{[%clk 1:06:08]} h6 {[%clk 0:40:49]} 16. h3 {[%clk 1:05:16]} Qd8 {[%clk 0:29:59]}
17. Nd2 {[%clk 1:05:22]} Nxd2 {[%clk 0:28:01]} 18. Rxd2 {[%clk 1:05:32]} b5
{[%clk 0:26:24]} 19. Rc2 {[%clk 1:04:37]} Qb6 {[%clk 0:24:00]} 20. b4
{[%clk 1:02:25]} Ne8 {[%clk 0:21:14]} 21. Rfc1 {[%clk 1:02:17]} Nd6
{[%clk 0:20:50]} 22. Qg4 {[%clk 1:00:21]} Nc4 {[%clk 0:18:00]} 23. Bxc4
{[%clk 1:00:18]} Rxc4 {[%clk 0:18:07]} 24. Nd1 {[%clk 0:57:17]} a5
{[%clk 0:17:02]} 25. Rxc4 {[%clk 0:56:38]} dxc4 {[%clk 0:17:07]} 26. Qe2
{[%clk 0:54:39]} axb4 {[%clk 0:16:06]} 27. axb4 {[%clk 0:55:02]} Qd6
{[%clk 0:14:28]} 28. Qb2 {[%clk 0:54:45]} Qd5 {[%clk 0:09:00]} 29. f3
{[%clk 0:54:49]} Qg5 {[%clk 0:08:57]} 30. e4 {[%clk 0:54:41]} Ra2
{[%clk 0:05:16]} 31. Qxa2 {[%clk 0:54:05]} Qxc1 {[%clk 0:05:44]} 32. Qe2
{[%clk 0:54:10]} Qb1 {[%clk 0:05:29]} 33. Qe1 {[%clk 0:53:59]} c3
{[%clk 0:04:49]} 34. Qxc3 {[%clk 0:54:10]} Qxd1+ {[%clk 0:05:13]} 35. Kh2
{[%clk 0:54:34]} Qa4 {[%clk 0:03:52]} 36. Qc5 {[%clk 0:54:29]} Qa6
{[%clk 0:03:13]} 37. d5 {[%clk 0:53:35]} exd5 {[%clk 0:01:42]} 38. exd5
{[%clk 0:53:57]} Ba8 {[%clk 0:01:22]} 39. Qe7 {[%clk 0:53:09]} Qb7
{[%clk 0:01:00]} 40. Qe8+ {[%clk 1:22:27]} Kh7 {[%clk 0:31:20]} 41. d6
{[%clk 1:22:45]} Qb6 {[%clk 0:14:13]} 42. Qe7 {[%clk 1:20:48]} Bc6
{[%clk 0:11:28]} 43. Qxf7 {[%clk 1:20:26]} Qd8 {[%clk 0:10:36]} 44. Qc7
{[%clk 1:20:03]} Qxc7 {[%clk 0:08:19]} 45. dxc7 {[%clk 1:20:24]} Bb7
{[%clk 0:07:27]} 46. Kg3 {[%clk 1:20:48]} Kg6 {[%clk 0:07:36]} 47. Kf4
{[%clk 1:20:37]} Kf6 {[%clk 0:07:55]} 48. h4 {[%clk 1:20:32]} Ke6
{[%clk 0:04:41]} 49. Ke3 {[%clk 1:20:38]} Kd6 {[%clk 0:03:27]} 50. Kd4
{[%clk 1:21:00]} Kxc7 {[%clk 0:03:49]} 51. Kc5 {[%clk 1:21:24]} Bc6
{[%clk 0:03:48]} 52. h5 {[%clk 1:21:00]} Be8 {[%clk 0:03:40]} 53. g4
{[%clk 1:21:20]} Bc6 {[%clk 0:03:47]} 54. f4 {[%clk 1:21:45]} Bf3
{[%clk 0:03:29]} 55. g5 {[%clk 1:22:09]} Bxh5 {[%clk 0:03:31]} 56. gxh6
{[%clk 1:22:20]} gxh6 {[%clk 0:03:59]} 57. Kxb5 {[%clk 1:22:42]} Be8+
{[%clk 0:02:43]} 58. Kc4 {[%clk 1:22:53]} Kd6 {[%clk 0:01:35]} 59. Kd4
{[%clk 1:22:49]} Bc6 {[%clk 0:01:27]} 60. Ke3 {[%clk 1:22:53]} h5
{[%clk 0:01:02]} 61. Kf2 {[%clk 1:22:11]} h4 {[%clk 0:00:41]} 62. Kg1
{[%clk 1:22:07]} Bd7 {[%clk 0:00:56]} 63. Kh2 {[%clk 1:22:30]} Kc6
{[%clk 0:00:51]} 64. Kg2 {[%clk 1:22:51]} Kb5 {[%clk 0:01:01]} 65. Kf2
{[%clk 1:23:02]} Kxb4 {[%clk 0:01:11]} 66. Kg2 {[%clk 1:23:26]} Kc4
{[%clk 0:01:23]} 67. Kh2 {[%clk 1:23:23]} Kd4 {[%clk 0:01:39]} 68. Kg2
{[%clk 1:23:49]} Ke4 {[%clk 0:01:22]} 69. Kh2 {[%clk 1:24:00]} Kxf4
{[%clk 0:01:42]} 70. Kg2 {[%clk 1:24:25]} Kg4 {[%clk 0:01:49]} 71. Kh2
{[%clk 1:24:48]} h3 {[%clk 0:01:49]} 72. Kh1 {[%clk 1:25:13]} Kg3
{[%clk 0:01:47]} 73. Kg1 {[%clk 1:25:34]} h2+ {[%clk 0:02:09]} 74. Kh1
{[%clk 1:25:55]} Bc6# 0-1